[Event "XII Figueira da Foz Open 2018"]
[Site "Figueira da Foz"]
[Date "2018.10.31"]
[Round "4"]
[White "Margarido, Jose Miguel Teixeir"]
[Black "Fernandes, Miguel A. Murtinho"]
[Result "1/2-1/2"]
[WhiteElo "2121"]
[BlackElo "2048"]
[Annotator "TA"]
[PlyCount "145"]
[EventDate "2018.10.30"]
[EventType "swiss"]
[EventCountry "POR"]
[SourceTitle "playchess.com"]
[Source "ChessBase"]
[SourceQuality "1"]

{[%evp 18,145,29,35,29,33,31,29,20,44,87,61,85,85,89,79,83,97,107,8,13,0,0,0,0,-29,-1,-6,-7,-27,-10,-4,0,0,4,4,4,4,5,0,5,0,8,0,8,8,8,0,0,0,8,0,23,23,23,0,54,54,54,54,86,54,142,0,86,86,86,86,87,47,47,47,91,0,28,28,28,5,28,28,46,46,80,80,80,80,80,80,80,80,105,81,105,85,105,112,125,108,122,68,92,115,120,85,99,29,29,29,38,8,8,0,6948,6948,6948,5995,1139,8,6070,8,5185,2066,2022,1958,1592,0,530,8,8,0]} 1. e4 c6 2. Nc3 d5 3. Nf3 dxe4 4. Nxe4 Nf6 5. Qe2 Nxe4 6. Qxe4 Nd7 {B11: Caro-Kann: Two Knights Variation} (6... Qd5 7. Qe3 Bf5 8. d3 Nd7 9. Bd2 e5 10. Bc3 f6 11. Be2 Bc5 12. d4 Bb6 13. Qd2 e4 14. Qe3 {0-1 (56) Zvjaginsev,V (2644)-Riazantsev,A (2649) Cheliabinsk 2018}) 7. Bc4 Nf6 8. Ne5 e6 9. Qe2 Be7 10. c3 {LiveBook: 5 Games} O-O 11. d4 c5 12. O-O cxd4 $146 ({Predecessor:} 12... Qb6 13. Be3 Rd8 14. Rfd1 Bd7 15. dxc5 Bxc5 16. Bxc5 Qxc5 17. Nxd7 Rxd7 18. Rxd7 Nxd7 {1-0 (46) Moldobaev,E (2442)-Shovunov,B (2452) Elista 1999}) 13. Rd1 Qa5 14. Rxd4 Rd8 15. Rxd8+ Qxd8 16. Bg5 Qc7 17. Rd1 b6 18. Bh4 (18. Bf4 $1 $16) 18... Bb7 $11 19. Bg3 Rd8 20. Rxd8+ Qxd8 21. Qd3 (21. Nxf7 {seems wilder.} Kxf7 22. Qxe6+ Kg6 23. Qf7+ Kh6 24. h4) 21... Qxd3 22. Nxd3 Ne4 23. Bf4 Bd6 24. Be3 Kf8 25. f3 Nc5 26. Nxc5 Bxc5 27. Bxc5+ bxc5 {[%mdl 4096] Endgame KB-KB} 28. Kf2 Ke7 29. Ke3 Kd6 30. g3 f6 31. Bd3 h6 32. Be4 Bc8 33. f4 g5 34. b4 e5 35. fxe5+ fxe5 36. b5 Be6 (36... Kc7 $11) 37. a4 $14 Bb3 38. a5 Bc4 39. Bd3 Be6 (39... Bf7 $14) 40. Be4 (40. Ke4 $142 $1) 40... Bc4 $1 $16 41. b6 axb6 42. axb6 Bf7 43. b7 Kc7 44. Kd3 Be6 45. Ke3 (45. Bf3 $16) 45... Bf7 $11 46. Bc6 {aiming for Ke4.} Bg6 $1 47. Bd5 Bf5 48. Be4 Be6 49. Kd3 Bf7 50. Bf3 Bg6+ 51. Kc4 $1 e4 52. Be2 Kxb7 53. Kxc5 Kc7 54. Kd5 Kd7 55. Bf1 Kc7 56. Kd4 Kd6 57. Bg2 e3 {...e2 is the strong threat.} 58. Kxe3 (58. Bf3 $1 $16) 58... Ke5 59. Bf3 h5 60. Be2 h4 61. g4 (61. c4 $16) 61... Bf7 62. c4 Be6 63. h3 Bf7 64. Bf1 Bg6 $2 {[%mdl 8192]} (64... Be6 $11) 65. Bg2 $1 $18 Bf7 66. c5 $1 Bc4 67. c6 $2 (67. Kd2 $1 $18 {[%cal Rd2c3] And now Kc3 would win.} Kd4 68. c6) 67... Ba6 $2 {[%mdl 8192]} (67... Bb5 $11) 68. c7 $2 ({Only move:} 68. Be4 $1 $18 {[%cal Re4d3]} Kd6 69. Bd3) 68... Kd6 $2 {[%mdl 8192] [#]} (68... Ke6 $11) 69. Kd4 (69. Bf1 $142 $1 {[%mdl 512]} Bc8 (69... Bxf1 70. c8=Q) 70. Ke4) 69... Bc8 70. Bf3 Ba6 {[#]} 71. Bg2 (71. Be2 $142 $1 {[%mdl 512]}) 71... Bc8 $1 72. Bf1 $2 ({White should try} 72. Be4 $18 {Hoping for Bd3.} Ba6 73. Bd3) 72... Bb7 $1 $11 73. Bg2 {Precision: White = 41%, Black = 43%.} 1/2-1/2

[Event "XII Figueira da Foz Open 2018"]
[Site "Figueira da Foz"]
[Date "2018.10.31"]
[Round "4"]
[White "Fernandes, Ricardo Paulos"]
[Black "Garcia Dorado, Alberto"]
[Result "1-0"]
[WhiteElo "2098"]
[BlackElo "2206"]
[Annotator "TA"]
[PlyCount "65"]
[EventDate "2018.10.30"]
[EventType "swiss"]
[EventCountry "POR"]
[SourceTitle "playchess.com"]
[Source "ChessBase"]
[SourceQuality "1"]

{[%evp 13,65,-39,-32,-33,-38,-69,-55,-64,-69,-104,-108,-117,-77,-102,-100,-143,-154,-137,-39,-127,-118,-119,-120,-131,-78,-78,0,-12,516,492,493,475,812,235,438,436,410,382,697,700,707,570,555,409,723,655,618,624,1260,1210,3339,3028,2982,2445]} 1. Nf3 d5 2. d4 e6 3. c4 Nf6 4. Nc3 dxc4 5. Qa4+ Nbd7 6. Qxc4 a6 7. Bf4 c5 $1 {LiveBook: 4 Games} 8. dxc5 {D23: Queen's Gambit Accepted: 3 Nf3 Nf6 sidelines} (8. a4 b5 9. Qd3 cxd4 10. Qxd4 Bc5 11. Qd3 Bb7 12. axb5 axb5 13. Rxa8 Qxa8 14. Qxb5 Bc6 15. Qd3 O-O {0-1 (41) Hoang,T (2283)-Smirnov,P (2595) Ho Chi Minh City 2016}) 8... Bxc5 9. b4 b5 10. Qb3 {Black is slightly better.} Be7 11. e4 Bb7 12. Nd2 e5 $146 ({Predecessor:} 12... O-O 13. a3 Rc8 14. f3 Qb6 15. Nd1 Rcd8 {½-½ (26) Bertok,M (2285)-Kliska,P (2115) Zagreb 1998}) 13. Be3 Ng4 14. Be2 Nxe3 15. fxe3 Bg5 (15... Nf6 $17 {Strongly threatening ...Qd6.} 16. a3 O-O) 16. O-O (16. Rd1 $15) 16... Bxe3+ 17. Kh1 {[%csl Gf1][%cal Rb3f7]} O-O 18. Nf3 {[%cal Bd2f3,Bf3g5,Bg5f7,Bf7d6,Bd6f5][%mdl 32]} Ba7 ({Black should try} 18... Bd4 {Threatens to win with ...Nf6.} 19. Rad1 Bxc3 20. Qxc3 Rc8) 19. Rad1 $17 Qe8 (19... Qe7 $1 $17 20. Nd5 Bxd5 21. exd5 Qd6) 20. Nxb5 Qe7 $2 {[%mdl 8192] [#]} (20... axb5 $11 21. Bxb5 Bd4 22. Nxd4 exd4 23. Rxd4 Bc8) 21. Nd6 $1 $18 Nf6 22. Ng5 h6 (22... g6 $142 23. Nxb7 Bd4) 23. Ndxf7 $2 (23. Nf5 Qc7 {[#]} 24. Nxh6+ $1 {[%mdl 512]} gxh6 25. Rxf6) 23... Rxf7 $2 (23... hxg5 24. Nxe5+ (24. Nxg5+ Nd5 $16) 24... Bd5 25. Rxd5 (25. exd5 Qxe5 26. d6+ Kh8 $18) 25... Nxd5 26. Qxd5+ Kh7) 24. Nxf7 Kh7 25. Nd6 Bd4 $2 (25... Bc6 26. Bxa6 Bd4) 26. Nf5 Qd7 27. Nxd4 exd4 28. Qd3 {Black must now prevent e5+.} Rd8 (28... Bxe4 $142 29. Qxd4 Qb7) 29. Rf4 {White is clearly winning.} Kh8 30. e5 Nd5 31. Rxd4 Qe7 32. Bf3 Rf8 33. Bxd5 {Precision: White = 45%, Black = 22%.} 1-0

[Event "XII Figueira da Foz Open 2018"]
[Site "Figueira da Foz"]
[Date "2018.10.31"]
[Round "4"]
[White "Guerreiro, Nuno"]
[Black "Pipiras, Filipa Fortuna"]
[Result "0-1"]
[WhiteElo "2069"]
[BlackElo "1853"]
[Annotator "NA RC"]
[PlyCount "74"]
[EventDate "2018.10.30"]
[EventType "swiss"]
[EventCountry "POR"]
[SourceTitle "playchess.com"]
[Source "ChessBase"]
[SourceQuality "1"]
[TimeControl "40/5400+30:1800+30"]

1. Nc3 {[%emt 0:00:00]} d5 {[%emt 0:00:42]} 2. d4 {[%emt 0:00:06]} Nf6 {[%emt 0:00:34]} 3. Bf4 {[%emt 0:01:04]} e6 {[%emt 0:00:50]} 4. e3 {[%emt 0:00:16]} a6 {[%emt 0:01:53]} 5. Bd3 {[%emt 0:01:02]} c5 {[%emt 0:00:27]} 6. h4 {[%emt 0:00:59]} Nc6 {[%emt 0:00:57]} 7. Nf3 {[%emt 0:00:31]} Be7 {[%emt 0:00:53]} 8. h5 {[%emt 0:01:12]} h6 {[%emt 0:02:39]} 9. Ne5 {[%emt 0:01:02]} cxd4 {[%emt 0:02:03]} 10. exd4 {[%emt 0:00:44]} Qb6 {[%emt 0:03:43]} 11. Ne2 {[%emt 0:03:50]} Qxb2 {[%emt 0:10:53]} 12. c3 {[%emt 0:00:37]} Qb6 {[%emt 0:00:52]} 13. Qc2 {[%emt 0:00:31]} O-O {[%emt 0:04:16]} 14. Qd2 {[%emt 0:00:50]} Nxe5 {[%emt 0:04:01]} 15. dxe5 {[%emt 0:01:11]} Ne4 {[%emt 0:00:53]} 16. Bxe4 {[%emt 0:00:08]} dxe4 {[%emt 0:00:09]} 17. Rh3 {[%emt 0:00:26]} Kh7 {[%emt 0:06:28]} 18. Qc2 {[%emt 0:03:13]} Qc6 {[%emt 0:04:20]} 19. Nd4 {[%emt 0:01:32]} Qd5 {[%emt 0:00:56]} 20. Rd1 {[%emt 0:00:18]} Rd8 {[%emt 0:07:37]} 21. Rd2 {[%emt 0:01:34]} Bd7 {[%emt 0:12:48]} 22. c4 {[%emt 0:01:39]} Qa5 {[%emt 0:01:50]} 23. Qxe4+ {[%emt 0:00:33]} Kh8 {[%emt 0:00:15]} 24. Nb3 {[%emt 0:01:30]} Qc7 {[%emt 0:00:39]} 25. Kf1 {[%emt 0:05:25]} a5 {[%emt 0:04:16]} 26. Rdd3 {[%emt 0:05:31]} b5 {[%emt 0:00:57]} 27. c5 {[%emt 0:06:06]} a4 {[%emt 0:00:49]} (27... Bc6 $142 28. Qe3 Rxd3 29. Qxd3 Rd8) 28. Nd4 {[%emt 0:00:51]} Qxc5 {[%emt 0:00:49]} 29. Rhg3 {[%emt 0:02:54]} b4 $2 {[%emt 0:03:26] [#]} (29... Rac8 $19 30. Qe2 Bc6 31. Nxc6 Qxc6) 30. Rxg7 $4 {[%emt 0:09:44]} (30. Bxh6 $1 $14 {[%mdl 512]} gxh6 31. Qf4) 30... Kxg7 {[%emt 0:01:57]} 31. Rg3+ {[%emt 0:02:33] [#]} Bg5 $1 {[%emt 0:00:28]} 32. Bxg5 {[%emt 0:00:41]} hxg5 {[%emt 0:00:09]} 33. Rxg5+ {[%emt 0:00:54]} Kf8 {[%emt 0:00:30]} 34. Qg4 {[%emt 0:01:18]} Bb5+ {[%emt 0:02:50]} (34... Qc1+ $142 35. Ke2 {[#]} Bb5+ $1 {[%mdl 512]} 36. Nxb5 Rd2+ 37. Ke3 Rd1+ 38. Ke4 Qc4+ 39. Ke3 Rd3+ 40. Ke2 Qc2+ 41. Kf1 Rd1+ 42. Qxd1 Qxd1#) 35. Kg1 {[%emt 0:00:37]} Qxd4 $19 {[%emt 0:00:51]} 36. Rg8+ {[%emt 0:00:10]} Ke7 {[%emt 0:00:10]} 37. Qh4+ {[%emt 0:01:04]} Qxh4 {[%emt 0:00:09]} 0-1

[Event "XII Figueira da Foz Open 2018"]
[Site "Figueira da Foz"]
[Date "2018.10.31"]
[Round "4"]
[White "Fernandes, Joao Pedro Murtinho"]
[Black "Adams, Philip"]
[Result "1-0"]
[WhiteElo "2067"]
[BlackElo "1980"]
[Annotator "NA RC"]
[PlyCount "83"]
[EventDate "2018.10.30"]
[EventType "swiss"]
[EventCountry "POR"]
[SourceTitle "playchess.com"]
[Source "ChessBase"]
[SourceQuality "1"]
[TimeControl "40/5400+30:1800+30"]

1. e4 c5 2. Nf3 Nc6 3. d4 cxd4 4. Nxd4 g6 5. Nc3 Bg7 6. Be3 Nf6 7. Bc4 Qa5 8. O-O O-O 9. Bb3 d6 10. h3 Bd7 11. Qd3 Nxd4 12. Bxd4 Bc6 13. Nd5 Bxd5 14. exd5 Nd7 15. Bxg7 Kxg7 16. Qd4+ Kg8 {B72: Sicilian Dragon: 6 Be3, lines with h3+Bc4 and sidelines} 17. Rfe1 Rfe8 18. Re3 Qc5 19. Qd2 (19. Qh4 Nf6 20. Rd1 b5 {1-0 (44) Ivanovic,B (2445)-Rmus,A (2310) Bijelo Polje 2004}) 19... b5 $146 ({Predecessor:} 19... Ne5 20. Rae1 {1-0 (45) Aout,S (2273)-Midy,R (1947) Agneaux 2015}) 20. Rae1 Ne5 21. Kh1 Qc7 22. f4 Nc4 23. Bxc4 bxc4 24. f5 Qd7 25. fxg6 hxg6 26. Re4 Kg7 (26... e5 $16) 27. Qc3+ ({Don't do} 27. Rxc4 e5) 27... f6 28. Qxc4 ({Keinesfalls} 28. Rxc4 $6 Rac8) 28... Rac8 29. Qe2 Rc7 30. c4 Qd8 31. Qd3 Rb7 32. Rg4 g5 33. Qd4 Kg6 34. b3 Rh8 35. Re6 Kf7 36. Qe3 Qd7 37. Rge4 Qd8 38. Qf2 Qg8 39. c5 dxc5 (39... Rd7 $142 40. cxd6 Rxd6 41. Qxa7 Rxe6 42. dxe6+ Kf8) 40. d6 Qg6 41. Rxe7+ Rxe7 42. Rxe7+ 1-0

[Event "XII Figueira da Foz Open 2018"]
[Site "Figueira da Foz"]
[Date "2018.10.31"]
[Round "4"]
[White "Dionizio, Andre Filipe Nascim"]
[Black "Gama, Joao Goncalo Cereje"]
[Result "1-0"]
[WhiteElo "2013"]
[BlackElo "1598"]
[Annotator "NA RC"]
[PlyCount "127"]
[EventDate "2018.10.30"]
[EventType "swiss"]
[EventCountry "POR"]
[SourceTitle "playchess.com"]
[Source "ChessBase"]
[SourceQuality "1"]
[TimeControl "40/5400+30:1800+30"]

1. e4 {[%emt 0:00:00]} e5 {[%emt 0:00:00]} 2. Nf3 {[%emt 0:00:00]} Nc6 {[%emt 0:00:00]} 3. Bc4 {[%emt 0:00:00]} Bc5 {[%emt 0:00:00]} 4. c3 {[%emt 0:00:00]} Nf6 {[%emt 0:00:09]} 5. d3 {[%emt 0:00:01]} d6 {[%emt 0:00:30]} 6. h3 {[%emt 0:00:05]} a6 {[%emt 0:01:08]} 7. a4 {[%emt 0:00:31] C54: Giuoco Piano: 4 c3 Nf6, main lines with 5 d4 and 5 d3} Ba7 {[%emt 0:00:25]} 8. O-O {[%emt 0:00:55]} O-O {[%emt 0:00:37]} 9. Re1 {[%emt 0:02:31]} h6 {[%emt 0:02:33]} 10. Nbd2 {[%emt 0:01:32]} Ne7 {[%emt 0:06:04]} 11. Nf1 {[%emt 0:01:10]} Ng6 {[%emt 0:00:59]} 12. b4 {[%emt 0:03:11]} c6 {[%emt 0:03:37]} 13. Bb3 {[%emt 0:15:54] [#]} Qc7 $146 {[%emt 0:05:10]} ({Predecessor:} 13... Re8 14. Ra2 d5 {½-½ (44) Vachier Lagrave,M (2783)-Giri,A (2764) Leuven 2017}) 14. Qe2 {[%emt 0:05:11]} Re8 {[%emt 0:06:30]} 15. Be3 {[%emt 0:10:54]} Be6 {[%emt 0:09:50]} 16. Bxe6 {[%emt 0:00:34]} fxe6 {[%emt 0:01:20]} 17. Bxa7 {[%emt 0:00:37]} Rxa7 {[%emt 0:00:13]} 18. g3 {[%emt 0:02:52]} d5 {[%emt 0:04:39]} 19. N1d2 {[%emt 0:07:27]} b6 {[%emt 0:03:34]} 20. d4 {[%emt 0:11:36]} exd4 {[%emt 0:06:27]} 21. cxd4 {[%emt 0:00:28]} Qe7 {[%emt 0:00:42]} 22. e5 {[%emt 0:00:12]} (22. a5 $16) 22... Nh7 {[%emt 0:04:32]} (22... Nd7 $14) 23. Qd3 {[%emt 0:02:43]} Nhf8 {[%emt 0:02:59]} 24. Rec1 {[%emt 0:02:48]} Qd7 {[%emt 0:01:33]} 25. Rc3 {[%emt 0:03:52]} (25. a5 $16) 25... Rc8 {[%emt 0:04:10]} (25... a5 $14) 26. Nb3 {[%emt 0:03:13]} Ne7 {[%emt 0:03:59]} 27. Rac1 {[%emt 0:00:39]} g5 {[%emt 0:04:43]} (27... Rb8 $16) 28. Qc2 {[%emt 0:03:40]} Rac7 {[%emt 0:03:39]} 29. a5 {[%emt 0:01:42]} Rb8 {[%emt 0:01:20]} 30. Qd2 {[%emt 0:04:06]} Nh7 {[%emt 0:01:31]} (30... Qe8 {was called for.} 31. axb6 Rxb6) 31. Kh2 {[%emt 0:01:28]} Qc8 {[%emt 0:02:28]} 32. Ne1 {[%emt 0:02:58]} Kg7 {[%emt 0:04:38]} 33. axb6 {[%emt 0:01:13]} Rxb6 {[%emt 0:00:10]} 34. Nd3 Nf5 {[%emt 0:03:17]} 35. Ra1 {[%emt 0:01:19]} Ra7 {[%emt 0:02:30]} 36. Rc2 {[%emt 0:01:03]} Nf8 {[%emt 0:03:53]} 37. f4 {[%emt 0:00:42]} Kg6 {[%emt 0:00:37]} 38. Qf2 {[%emt 0:00:30]} Rf7 {[%emt 0:00:47]} 39. Nbc5 {[%emt 0:00:31]} Ng7 {[%emt 0:01:53]} 40. Rca2 {[%emt 0:00:00]} Ra7 $2 {[%emt 0:00:00]} (40... Kh7 41. Qd2 (41. Rxa6 Rxa6 42. Rxa6 Ng6 $18) 41... Nf5 42. fxg5 Nxd4) 41. fxg5 {[%emt 0:09:31]} hxg5 {[%emt 0:02:10]} 42. Qf6+ {[%emt 0:00:05]} Kh7 {[%emt 0:00:17]} 43. Qxg5 {[%emt 0:00:06]} Nf5 {[%emt 0:00:53]} 44. Rf2 {[%emt 0:02:35]} Rg7 {[%emt 0:00:51]} 45. Qh5+ {[%emt 0:00:04]} Kg8 {[%emt 0:00:18]} 46. Raf1 {[%emt 0:01:07]} Nh7 {[%emt 0:02:15]} 47. Rxf5 {[%emt 0:01:12]} (47. g4 $142 Rg5 {[#]} 48. Qxg5+ $3 {[%mdl 512]} Nxg5 49. gxf5) 47... exf5 {[%emt 0:00:45]} 48. Rxf5 {[%emt 0:00:02]} Nf8 {[%emt 0:03:11] [#]} (48... Rb8 $142 49. g4 Qe8) 49. Qf3 $18 {[%emt 0:01:32]} (49. e6 $142 $1 {[%mdl 512]} Rb5 (49... Nxe6 50. Nxe6) 50. Re5) 49... Ne6 {[%emt 0:02:41]} 50. Nxe6 {[%emt 0:00:12]} Qxe6 {[%emt 0:00:06]} 51. Rf8+ {[%emt 0:00:03]} Kh7 {[%emt 0:00:16]} 52. Qh5+ {[%emt 0:00:01]} Qh6 {[%emt 0:00:29]} 53. Rh8+ {[%emt 0:00:02]} Kxh8 {[%emt 0:00:26]} 54. Qxh6+ {[%emt 0:00:02]} Kg8 {[%emt 0:00:20]} 55. Qd6 {[%emt 0:00:31]} a5 {[%emt 0:00:55]} 56. Qd8+ {[%emt 0:00:02]} Kh7 {[%emt 0:00:11]} 57. Qxb6 {[%emt 0:00:01]} axb4 {[%emt 0:00:09]} 58. Nxb4 {[%emt 0:00:15]} Rg6 {[%emt 0:00:05]} 59. Qc7+ {[%emt 0:00:13]} Kh6 {[%emt 0:00:06]} 60. Qf7 {[%emt 0:00:20]} Rg7 {[%emt 0:00:20]} 61. Qf8 {[%emt 0:00:02]} Kg6 {[%emt 0:00:34]} 62. e6 {[%emt 0:00:04]} Kh7 {[%emt 0:00:11]} 63. e7 {[%emt 0:00:06]} Rxe7 {[%emt 0:00:03]} 64. Qxe7+ {[%emt 0:00:02]} 1-0

[Event "XII Figueira da Foz Open 2018"]
[Site "Figueira da Foz"]
[Date "2018.10.31"]
[Round "4"]
[White "Sismeiro, Miguel"]
[Black "Elissalt Cardenas, Hector"]
[Result "0-1"]
[WhiteElo "2008"]
[BlackElo "2316"]
[Annotator "TA"]
[PlyCount "148"]
[EventDate "2018.10.30"]
[EventType "swiss"]
[EventCountry "POR"]
[SourceTitle "playchess.com"]
[Source "ChessBase"]
[SourceQuality "1"]

{[%evp 11,148,39,38,15,9,-4,-25,-12,-20,-6,-10,0,0,-50,-58,-150,-153,-131,-135,-168,-178,-174,-175,-311,-304,-310,-299,-277,-102,-95,-97,-229,-197,-176,-180,-723,-364,-351,-76,-62,-66,-100,-94,-97,-70,-89,-10,-10,7,18,20,-198,-196,-195,-122,-177,-174,-220,-217,-254,-260,-277,-244,-270,-171,-160,-115,-204,-118,-269,-261,-257,-244,-242,-159,-184,-56,-54,-56,-54,-45,-60,-65,-97,-97,-97,-97,-97,-97,-95,-95,-95,-91,-87,-87,-122,-122,-5606,-3178,-1912,-2077,-29962,-29963,-29970,-29971,-29970,-29972,-29975,-29976,-29977,-29978,-29979,-29980,-29980,-29981,-29981,-29980,-29980,-29979,-29983,-29984,-29984,-29985,-29985,-29985,-29986,-29987,-29987,-29988,-29988,-29989,-29989,-29989,-29992,-29993,-29994,-29995,-29995,-29996]} 1. e4 d6 2. d4 Nf6 3. Nc3 Nbd7 4. Nf3 e5 5. Bc4 exd4 6. Nxd4 {C41: Philidor Defence} (6. Qxd4 Nb6 7. Bf4 Be7 8. O-O-O Nxc4 9. Qxc4 O-O 10. Rhe1 Be6 11. Qf1 Qc8 12. Nd4 Bd7 13. f3 Rb8 {1-0 (29) Van Foreest,J (2615)-Sokolov,I (2623) Hoogeveen 2016}) 6... Nb6 {LiveBook: 16 Games} 7. Bb3 c5 8. Nf3 {The position is equal.} c4 9. Ba4+ $1 Nxa4 10. Nxa4 Nxe4 11. Qd5 Nc5 12. Qxc4 Qe7+ 13. Be3 {[#]} (13. Kd1 $15) 13... b5 $1 $36 {[%cal Rb5c4][%mdl 2560] Keeping White busy.} 14. Qxb5+ {[#]} Bd7 $146 15. Qa5 Nxa4 ({But not} 15... Bxa4 $6 16. b4 $11) 16. O-O-O Qd8 $1 {[%cal Rd8a5]} 17. Qh5 (17. Qxd8+ $142 Kxd8 18. Bf4) 17... Be7 $1 $19 18. Ng5 {[%csl Gg5][%cal Rh5f7]} g6 19. Qh6 {With the idea Qg7.} Bf8 $2 (19... Bf6 $19 20. Rd4 Qe7) 20. Qh4 $17 Bg7 $1 {[%cal Rg7b2]} 21. c3 (21. Bd4 $17 {was called for.} Bxd4 22. Qxd4) 21... h6 22. Qe4+ Kf8 23. Nf3 $2 (23. Qd5 Be8 24. Ne4) 23... Qb8 {[%csl Ga4][%cal Rb8b2]} 24. Rd2 {[#]} Bf5 $2 (24... Nxc3 $1 $19 25. bxc3 Bf5) 25. Qxa4 Bxc3 $1 26. Bd4 Bxd2+ 27. Nxd2 Qc7+ 28. Bc3 Re8 ({Black should play} 28... Rc8 $17 {aiming for ...Qc6.} 29. g4 Be6) 29. Qd4 Rh7 {And now ...Qc5 would win.} 30. g4 $1 {[%cal Rg4f5]} Bc8 31. Kb1 $2 (31. Ne4 $1 $11 {and White has nothing to worry.} Rxe4 32. Qxe4) 31... Qc5 $1 $19 32. Qf4 {[#]} Qd5 (32... g5 $1 $19 {[%cal Rg5f4]} 33. Qa4 Qxf2) 33. f3 (33. Rd1 $17 {might work better.}) 33... g5 34. Qb4 {intending Ne4.} f5 {Hoping for ...fxg4.} 35. Nc4 Rd7 {...fxg4 is the strong threat.} ({Not} 35... fxg4 36. Nxd6 a5 37. Qxa5 $15) 36. gxf5 Qxf3 37. Rc1 Qd3+ 38. Ka1 Kg8 39. Qb3 {[#]} (39. h4 $17) 39... Kh7 (39... Rb7 $1 $19 {[%cal Rb7b3]} 40. Qa4 Bd7) 40. Bb4 $2 (40. Rd1 $17 {only move.} Qxf5 41. Nxd6) 40... Qxb3 ({Stronger than} 40... Qxf5 41. Nxd6 Rxd6 42. Bxd6 $11) 41. axb3 Ba6 42. Nxd6 Re2 43. f6 Rf2 (43... Rxh2 $19 {Threatens to win with ...Rf2.} 44. f7 Rf2) 44. f7 $15 Rdxf7 45. Nxf7 Rxf7 {[%mdl 4096] Endgame KRB-KRB} 46. Bd6 Bb5 47. Rc7 Rxc7 48. Bxc7 $17 {KB-KB} Kg6 49. Kb1 Kf5 50. Kc1 Ke4 51. Kd2 Kf3 52. Bb8 a6 53. b4 h5 {[%cal Bh6h5,Bh5h4][%mdl 32]} 54. Kc2 $2 {[%mdl 8192]} (54. Bc7 $17) 54... h4 $19 55. Kd2 g4 56. Kc2 g3 {Black mates.} 57. Bxg3 hxg3 58. hxg3 Kxg3 {KB-KPP} 59. b3 Kf4 60. Kb2 Ke3 61. Kc3 Bd3 62. Kb2 Kd2 63. Ka3 Kc1 64. Ka2 Bf5 65. Ka1 Bb1 66. b5 axb5 {KB-KP} 67. b4 Bd3 68. Ka2 Kc2 69. Ka3 Kc3 70. Ka2 Kxb4 71. Kb2 Bh7 72. Ka2 Kc3 73. Ka1 b4 {[%cal Bb5b4,Bb4b3][%mdl 32]} 74. Ka2 b3+ {Precision: White = 28%, Black = 63%.} 0-1

[Event "XII Figueira da Foz Open 2018"]
[Site "Figueira da Foz"]
[Date "2018.10.31"]
[Round "4"]
[White "Felizes, Paulo"]
[Black "Dong, Rafael"]
[Result "1-0"]
[WhiteElo "1965"]
[BlackElo "1360"]
[Annotator "NA RC"]
[PlyCount "49"]
[EventDate "2018.10.30"]
[EventType "swiss"]
[EventCountry "POR"]
[SourceTitle "playchess.com"]
[Source "ChessBase"]
[SourceQuality "1"]
[TimeControl "40/5400+30:1800+30"]

1. d4 {[%emt 0:00:00]} Nf6 2. Bg5 {[%emt 0:00:00]} e6 {[%emt 0:00:00]} 3. e4 {[%emt 0:00:19]} h6 {[%emt 0:00:00]} 4. Bxf6 {[%emt 0:00:13]} Qxf6 {[%emt 0:00:00]} 5. Nf3 {[%emt 0:00:27]} d6 {[%emt 0:00:01]} 6. Bd3 {[%emt 0:00:49]} Nd7 {[%emt 0:00:10]} 7. Nbd2 {[%emt 0:00:57] A46: 1 d4 Nf6 2 Nf3 e6: Torre, London and Colle Systems} (7. O-O e5 8. c3 g6 9. Nbd2 Bg7 10. Re1 O-O 11. a4 Qe7 12. a5 exd4 13. cxd4 c5 14. Nb3 cxd4 15. Nbxd4 Ne5 16. Rb1 Bg4 17. h3 Nxf3+ 18. Nxf3 Bxf3 19. Qxf3 Rac8 20. a6 bxa6 21. Bxa6 Rc7 {½-½ (21) Mantovani,R (2372)-Jenni,F (2564) Switzerland 2008}) 7... a6 {[%emt 0:00:37]} 8. e5 {[%emt 0:04:10]} dxe5 {[%emt 0:00:36]} 9. Ne4 {[%emt 0:00:41]} Qd8 $146 {[%emt 0:02:00]} ({Predecessor:} 9... Qe7 10. Nxe5 Nxe5 11. dxe5 Qb4+ 12. c3 Qxb2 13. O-O Qa3 14. Qh5 Bd7 {0-1 (59) Rakhmangulova,A (2245)-Bulmaga,I (2360) Mamaia 2016}) 10. dxe5 {[%emt 0:01:07]} b5 {[%emt 0:04:31]} 11. a4 {[%emt 0:11:49]} b4 {[%emt 0:02:09]} 12. Qe2 {[%emt 0:01:04]} Bb7 {[%emt 0:03:14]} 13. Rd1 {[%emt 0:02:21]} g5 {[%emt 0:02:10]} 14. Bc4 {[%emt 0:01:41]} Qe7 {[%emt 0:00:39]} 15. O-O {[%emt 0:44:30]} Bg7 {[%emt 0:01:15]} 16. Qe3 {[%emt 0:06:19]} g4 {[%emt 0:01:51]} 17. Nd4 {[%emt 0:05:27]} (17. Nfd2 $15) 17... Bxe5 {[%emt 0:05:06]} (17... Nxe5 $17 18. Be2 O-O) 18. f4 {[%emt 0:01:22]} gxf3 {[%emt 0:01:21]} 19. Nxf3 {[%emt 0:00:13]} Bxb2 {[%emt 0:03:50]} 20. Rxd7 $2 {[%emt 0:08:16]} (20. Nd4 $17) 20... Kxd7 {[%emt 0:02:20]} 21. Rb1 {[%emt 0:01:48]} Bxe4 {[%emt 0:00:54]} 22. Qxe4 {[%emt 0:01:51]} Bc3 $4 {[%emt 0:01:26]} (22... Qc5+ $19 23. Kh1 Bc3) 23. Rd1+ {[%emt 0:00:16]} Qd6 {[%emt 0:03:35]} 24. Rxd6+ {[%emt 0:00:23]} cxd6 $18 {[%emt 0:00:03]} (24... Kxd6 $142 25. Bxa6 Ke7 26. Qh4+ Kf8) 25. Qb7+ {[%emt 0:00:11]} 1-0